La casa de Luci (Registro nro. 38230)

Detalles MARC
000 -CABECERA
Longitud fija campo de control 00908nam a2200289 i 4500
003 - • IDENTIFICADOR DELl NÚMERO DE CONTROL
Identificador del número de control CO-BoRNBP
005 - • FECHA Y HORA DE LA ÚLTIMA TRANSACCIÓN
Fecha y hora de la última transacción 20240726095743.0
007 - • CAMPO FIJO DE DESCRIPCIÓN FÍSICA
Campo fijo de descripción física ta
008 - • CÓDIGOS DE INFORMACIÓN DE LONGITUD FIJA
Códigos de información de longitud fija 240726s2018 sp a|||| |||| 00| 0 spa d
020 ## - • NÚMERO INTERNACIONAL NORMALIZADO PARA LIBROS
Número Internacional Normalizado para Libros (ISBN) 9788426144683
040 ## - FUENTE DE LA CATALOGACIÓN
Centro catalogador de origen CO-BoRNBP
Lengua de catalogación spa
Centro transcriptor CO-BoRNBP
Centro modificado rda
041 ## - • CÓDIGO DE LENGUA
Código de lengua del texto/banda sonora o título independiente spa
084 ## - • Clasificación Local Alfanúmerica PNLB
Número de clasificación A CLA
100 ## - • PUNTO DE ACCESO PRINCIPAL-NOMBRE DE PERSONA
Nombre de persona Clarke, Jane
Término indicativo de función autora
245 ## - • TITULO PROPIAMENTE DICHO
Título La casa de Luci
Mención de responsabilidad, etc. Jane Clarke; ilustraciones, Britta Teckentrup; traducción, Susana Tornero
250 ## - • MENCIÓN DE EDICIÓN
Mención de edición Primera edición
264 #1 - PRODUCCIÓN, PUBLICACIÓN , DISTRIBUCIÓN, FABRICACIÓN Y COPYRIGHT
Lugar de producción, publicación, distribución, fabricación Barcelona, España
Nombre del productor, editor, distribuidor, fabricante Juventud
Fecha de de producción, publicación, distribución, fabricación o copyright 2018
264 #4 - PRODUCCIÓN, PUBLICACIÓN , DISTRIBUCIÓN, FABRICACIÓN Y COPYRIGHT
Fecha de de producción, publicación, distribución, fabricación o copyright ©2018
300 ## - • DESCRIPCIÓN FÍSICA
Extensión 24 páginas
Otras características físicas ilustraciones a color
Dimensiones alto 27cm ancho 23cm
336 ## - TIPO DE CONTENIDO
Fuente rdacontent
Término de tipo de contenido texto
Código de tipo de contenido txt
337 ## - TIPO DE MEDIO
Fuente rdamedia
Nombre del tipo de medio sin mediación
Código del tipo de medio n
338 ## - TIPO DE SOPORTE
Fuente rdacarrier
Nombre del tipo de soporte volumen
Código del tipo de soporte nc
650 17 - • PUNTO DE ACCESO ADICIONAL DE MATERIA - TÉRMINO DE MATERIA
Fuente del encabezamiento o término LEMB
Término de materia o nombre geográfico como elemento inicial Literatura infantil
650 17 - • PUNTO DE ACCESO ADICIONAL DE MATERIA - TÉRMINO DE MATERIA
Fuente del encabezamiento o término LEMB
Término de materia o nombre geográfico como elemento inicial Álbum infantil
650 17 - • PUNTO DE ACCESO ADICIONAL DE MATERIA - TÉRMINO DE MATERIA
Fuente del encabezamiento o término LEMB
Término de materia o nombre geográfico como elemento inicial diversión
942 ## - ENTRADA DE ELEMENTOS AGREGADOS (KOHA)
Fuente de clasificaión o esquema Dewey Decimal Classification
Koha [por defecto] tipo de item Libro Infantil
Existencias
Perdido Fuente de clasificación o esquema Estado Físico No para préstamo Forma de adquisición Localización permanente Localización actual Localización en estanterías Fecha adquisición Préstamos totales Signatura completa Código de barras Fecha última consulta Número de copia Fecha del precio de reemplazo Tipo de item de Koha Note pública Fecha último préstamo Renovaciones totales Prestado
  Dewey Decimal Classification     Infantil Biblioteca Pública José Eustasio Rivera - San Martin Biblioteca Pública José Eustasio Rivera - San Martin Sala Infantil 03/02/2026   A CLA SM04449 03/02/2026 Ej.1 03/02/2026 Libro Infantil        
  Dewey Decimal Classification     Infantil Biblioteca Pública Puerto Lleras Biblioteca Pública Puerto Lleras Literatura 10/15/2025   A CLA PLL02489 10/15/2025 Ej.1 10/15/2025 Libro Infantil        
  Dewey Decimal Classification     Infantil Biblioteca Pública Puerto López - Jorge Eliecer Gaitán Biblioteca Pública Puerto López - Jorge Eliecer Gaitán Sala Infantil 05/28/2025   A CLA PLZ01478 05/28/2025 Ej.1 05/28/2025 Libro Infantil        
        Colección Sala Infantil de Literatura Pocatil y Tilín Biblioteca Pública Departamental Eduardo Carranza - Villavicencio Biblioteca Pública Departamental Eduardo Carranza - Villavicencio Sala Infantil 11/29/2023   A CLA1 ECA28704 11/26/2024 Ej.2 11/26/2024 LIbro 22310 | 27669      
        Colección Sala Infantil de Literatura Pocatil y Tilín Biblioteca Pública Departamental Eduardo Carranza - Villavicencio Biblioteca Pública Departamental Eduardo Carranza - Villavicencio Sala Infantil 11/29/2023 3 A CLA1 ECA28703 02/24/2026 Ej.1 11/26/2024 LIbro 22310 | 27668 02/06/2026    
  Dewey Decimal Classification     Infantil Biblioteca Pública Granada - Boca del Monte Biblioteca Pública Granada - Boca del Monte Sala Infantil 07/18/2025   A CLA GRDA00082 07/18/2025 Ej.1 07/18/2025 Libro Infantil        
  Dewey Decimal Classification     Infantil Biblioteca Pública Guamal Biblioteca Pública Guamal Sala Infantil 07/26/2024   A CLA8 GUA003957 07/26/2024 Ej.1 07/26/2024 Libro Infantil        
  Dewey Decimal Classification     Infantil Biblioteca Pública Mesetas - Franco lodo Poloxi Biblioteca Pública Mesetas - Franco lodo Poloxi Sala Infantil 08/19/2025   A CLA ME01537 03/17/2025 Ej.1 03/17/2025 Libro Infantil        
  Dewey Decimal Classification     Infantil Biblioteca Pública San Juanito - Ernesto Maria Peña Romero Biblioteca Pública San Juanito - Ernesto Maria Peña Romero Sala Infantil 01/31/2025 2 A CLA SJU01295 02/28/2026 Ej.1 01/31/2025 LIbro   02/28/2026 2 04/11/2026









Instituto Departamental de Cultura del Meta - Red Departamental de Bibliotecas Públicas del Meta.